KOHA-Header-6

Topological Groups (Characters, Dualities, And Minimal Group Topologies) (Record no. 6806)

000 -LEADER
fixed length control field 00310nam a2200109Ia 4500
100 ## - MAIN ENTRY--AUTHOR NAME
Personal name Dikranjan, Prodanov
245 #0 - TITLE STATEMENT
Title Topological Groups (Characters, Dualities, And Minimal Group Topologies)
260 ## - PUBLICATION, DISTRIBUTION, ETC. (IMPRINT)
Place of publication USA
Name of publisher Mc Graw Hill
Year of publication 1990
300 ## - PHYSICAL DESCRIPTION
Number of Pages 287
942 ## - ADDED ENTRY ELEMENTS (KOHA)
Koha item type Books
Holdings
Withdrawn status Lost status Collection code Permanent Location Current Location Shelving location Date acquired Full call number Accession Number Koha item type
    Statistics MAJU MAJU Shelf No.A27 2019-09-11 004.33 276 Statistics

Powered by Koha